000 00666nam a2200217Ii 4500
003 JO-AjNU
008 230605s9999||||xx |||||||||||||| ||und||
017 _a2007/1/121
040 _aJO-AjNU
_bara
_erda
_cJO-AjNU
041 _aara
050 1 4 _aLB1025.3.A29 2007
100 3 _aعبودي،زيد منير,
_eauthor
_921948
245 0 0 _aالتعليم والتعلم الفعال
250 _aط1
264 3 1 _aعمان:المؤلف،2007
300 _a190ص
336 _atext
_btxt
_2rdacontent
337 _aunmediated
_bn
_2rdamedia
338 _avolume
_bnc
_2rdacarrier
650 4 _aالتدريس-أساليب-الوسائل التعليمية
_921949
999 _aA7710
_c11278
_d11278